[Event "2016 Redpath Mining Millionaire Chess Open"]
[Site "Old Ed’s Sports Complex, Houghton, Johannesburg"]
[Date "2016.07.17"]
[Round "11"]
[Board "1"]
[White "Jere, Daniel"]
[Black "Van Rensburg, Ryan Pierre"]
[Result "1-0"]
[WhiteElo "2368"]
[BlackElo "2220"]
[PlyCount "0"]
[EventDate "2016.07.17"]
[EventRounds "15"]
[EventCountry "RSA"]

1. c4 {[%clk 0:15:18]} Nf6 {[%clk 0:15:17]} 2. g3 {[%clk 0:15:12]} e5
{[%clk 0:15:26]} 3. Bg2 {[%clk 0:15:20]} h6 {[%clk 0:15:35]} 4. Nc3
{[%clk 0:15:09]} Bb4 {[%clk 0:15:43]} 5. Nd5 {[%clk 0:15:17]} Nxd5
{[%clk 0:15:43]} 6. cxd5 {[%clk 0:15:26]} O-O {[%clk 0:15:39]} 7. Nf3
{[%clk 0:15:32]} d6 {[%clk 0:15:47]} 8. O-O {[%clk 0:15:37]} Nd7 {[%clk 0:14:47]}
9. d4 {[%clk 0:15:22]} exd4 {[%clk 0:14:40]} 10. Nxd4 {[%clk 0:15:30]} Re8
{[%clk 0:14:38]} 11. Nb3 {[%clk 0:15:02]} Nc5 {[%clk 0:14:17]} 12. Be3
{[%clk 0:14:54]} Nxb3 {[%clk 0:13:44]} 13. Qxb3 {[%clk 0:14:58]} Ba5
{[%clk 0:13:54]} 14. Rac1 {[%clk 0:15:02]} Bb6 {[%clk 0:13:57]} 15. Bxb6
{[%clk 0:15:07]} axb6 {[%clk 0:14:06]} 16. Rfe1 {[%clk 0:15:07]} Ra5
{[%clk 0:14:08]} 17. a3 {[%clk 0:15:10]} Rc5 {[%clk 0:14:13]} 18. Qd3
{[%clk 0:15:12]} Bd7 {[%clk 0:14:11]} 19. e3 {[%clk 0:14:58]} Qf6
{[%clk 0:10:57]} 20. b4 {[%clk 0:15:00]} Bb5 {[%clk 0:10:37]} 21. Qd2
{[%clk 0:14:13]} Rxc1 {[%clk 0:10:41]} 22. Rxc1 {[%clk 0:14:21]} Re7
{[%clk 0:10:47]} 23. h4 {[%clk 0:14:21]} Qf5 {[%clk 0:10:40]} 24. Rc3
{[%clk 0:13:36]} Qb1+ {[%clk 0:09:36]} 25. Kh2 {[%clk 0:13:43]} Qf5
{[%clk 0:09:44]} 26. e4 {[%clk 0:11:02]} Qd7 {[%clk 0:08:58]} 27. Bh3
{[%clk 0:11:01]} Qe8 {[%clk 0:08:50]} 28. f3 {[%clk 0:08:42]} Ba4
{[%clk 0:08:59]} 29. h5 {[%clk 0:08:15]} Qd8 {[%clk 0:06:54]} 30. Qc1
{[%clk 0:07:13]} c5 {[%clk 0:05:58]} 31. dxc6 {[%clk 0:06:59]} bxc6
{[%clk 0:06:04]} 32. Qd2 {[%clk 0:06:17]} d5 {[%clk 0:05:50]} 33. exd5
{[%clk 0:06:12]} Qxd5 {[%clk 0:05:55]} 34. Qxd5 {[%clk 0:06:08]} cxd5
{[%clk 0:06:04]} 35. Rc8+ {[%clk 0:06:13]} Re8 {[%clk 0:06:06]} 36. Rxe8+
{[%clk 0:06:02]} Bxe8 {[%clk 0:06:14]} 37. Kg2 {[%clk 0:06:05]} Kf8
{[%clk 0:06:22]} 38. Kf2 {[%clk 0:06:13]} Ke7 {[%clk 0:06:31]} 39. Ke3
{[%clk 0:06:22]} Kd6 {[%clk 0:06:37]} 40. Kd4 {[%clk 0:06:31]} Bb5
{[%clk 0:06:39]} 41. Bg2 {[%clk 0:06:30]} Be2 {[%clk 0:05:42]} 42. a4
{[%clk 0:06:35]} Bd1 {[%clk 0:05:18]} 43. a5 {[%clk 0:06:43]} bxa5
{[%clk 0:05:27]} 44. bxa5 {[%clk 0:06:52]} Be2 {[%clk 0:05:36]} 45. f4
{[%clk 0:06:37]} Bc4 {[%clk 0:05:34]} 46. Bf3 {[%clk 0:06:42]} f6
{[%clk 0:04:24]} 47. Bg4 {[%clk 0:06:38]} Kc6 {[%clk 0:04:21]} 48. Be6
{[%clk 0:06:40]} Kd6 {[%clk 0:04:01]} 49. Bc8 {[%clk 0:06:35]} Kc7
{[%clk 0:04:08]} 50. Bf5 {[%clk 0:06:41]} Be2 {[%clk 0:03:29]} 51. Kxd5
{[%clk 0:05:51]} Bxh5 {[%clk 0:03:35]} 52. Ke6 {[%clk 0:05:58]} Kb7
{[%clk 0:03:39]} 53. Bd3 {[%clk 0:06:05]} Ka7 {[%clk 0:03:35]} 54. f5
{[%clk 0:05:59]} 1-0

[Event "2016 Redpath Mining Millionaire Chess Open"]
[Site "Old Ed’s Sports Complex, Houghton, Johannesburg"]
[Date "2016.07.17"]
[Round "11"]
[Board "2"]
[White "Makoto, Rodwell"]
[Black "De Abreu, Roberto N"]
[Result "0-1"]
[WhiteElo "2406"]
[BlackElo "2057"]
[PlyCount "0"]
[EventDate "2016.07.17"]
[EventRounds "15"]
[EventCountry "RSA"]

1. Nf3 {[%clk 0:15:17]} c5 {[%clk 0:15:15]} 2. c4 {[%clk 0:15:22]} Nc6
{[%clk 0:15:23]} 3. g3 {[%clk 0:15:30]} e5 {[%clk 0:15:30]} 4. Nc3
{[%clk 0:15:36]} g6 {[%clk 0:15:39]} 5. Bg2 {[%clk 0:15:45]} Bg7 {[%clk 0:15:48]}
6. O-O {[%clk 0:15:49]} d6 {[%clk 0:15:57]} 7. a3 {[%clk 0:15:57]} a5
{[%clk 0:16:06]} 8. Rb1 {[%clk 0:16:01]} Nge7 {[%clk 0:16:13]} 9. Ne1
{[%clk 0:16:04]} Be6 {[%clk 0:16:22]} 10. d3 {[%clk 0:16:12]} d5 {[%clk 0:16:17]}
11. cxd5 {[%clk 0:16:19]} Nxd5 {[%clk 0:16:25]} 12. Nc2 {[%clk 0:16:27]} O-O
{[%clk 0:16:34]} 13. Ne3 {[%clk 0:16:36]} Nde7 {[%clk 0:16:42]} 14. Nc4
{[%clk 0:15:33]} Rb8 {[%clk 0:14:31]} 15. Qa4 {[%clk 0:14:31]} Nd4
{[%clk 0:12:55]} 16. Nxa5 {[%clk 0:10:15]} b5 {[%clk 0:11:12]} 17. Nxb5
{[%clk 0:10:21]} Nxb5 {[%clk 0:11:15]} 18. Be3 {[%clk 0:09:26]} Nd4
{[%clk 0:11:03]} 19. Bxd4 {[%clk 0:09:31]} Qxd4 {[%clk 0:09:59]} 20. Qxd4
{[%clk 0:09:39]} exd4 {[%clk 0:10:07]} 21. Rfc1 {[%clk 0:09:46]} Rb5
{[%clk 0:10:15]} 22. Nc4 {[%clk 0:09:39]} Bxc4 {[%clk 0:09:20]} 23. Rxc4
{[%clk 0:09:41]} Rfb8 {[%clk 0:09:29]} 24. Bf3 {[%clk 0:08:32]} Nc8
{[%clk 0:08:32]} 25. Ra4 {[%clk 0:08:01]} Bf8 {[%clk 0:08:24]} 26. Ra6
{[%clk 0:06:54]} R5b6 {[%clk 0:07:49]} 27. Rxb6 {[%clk 0:06:53]} Nxb6
{[%clk 0:07:59]} 28. Bc6 {[%clk 0:06:35]} c4 {[%clk 0:07:16]} 29. dxc4
{[%clk 0:04:53]} Nxc4 {[%clk 0:07:22]} 30. Rd1 {[%clk 0:05:02]} Bg7
{[%clk 0:07:18]} 31. a4 {[%clk 0:04:39]} Rxb2 {[%clk 0:07:10]} 32. Bb5
{[%clk 0:04:48]} Nd6 {[%clk 0:07:05]} 33. Bd3 {[%clk 0:04:17]} Ra2
{[%clk 0:07:13]} 34. Rb1 {[%clk 0:04:03]} Rxa4 {[%clk 0:07:20]} 35. Rb8+
{[%clk 0:04:12]} Bf8 {[%clk 0:07:29]} 36. Kg2 {[%clk 0:04:22]} Kg7
{[%clk 0:07:27]} 37. h4 {[%clk 0:04:28]} h5 {[%clk 0:07:30]} 38. Kf3
{[%clk 0:04:33]} Ra5 {[%clk 0:07:09]} 39. g4 {[%clk 0:04:30]} hxg4+
{[%clk 0:07:12]} 40. Kxg4 {[%clk 0:04:40]} Be7 {[%clk 0:07:13]} 41. Rb4
{[%clk 0:04:29]} Rh5 {[%clk 0:06:45]} 42. f4 {[%clk 0:04:01]} Rxh4+
{[%clk 0:06:20]} 43. Kg3 {[%clk 0:04:11]} Bf6 {[%clk 0:04:21]} 44. Rb6
{[%clk 0:04:18]} Nf5+ {[%clk 0:04:28]} 45. Kf3 {[%clk 0:03:47]} Rh3+
{[%clk 0:04:37]} 46. Ke4 {[%clk 0:03:55]} Ng3+ {[%clk 0:04:28]} 47. Kd5
{[%clk 0:04:01]} Rh2 {[%clk 0:04:24]} 48. Rb7 {[%clk 0:03:38]} Nxe2
{[%clk 0:04:22]} 49. Bc4 {[%clk 0:03:47]} Nxf4+ {[%clk 0:04:27]} 50. Ke4
{[%clk 0:03:56]} Nh5 {[%clk 0:04:23]} 51. Rxf7+ {[%clk 0:04:02]} Kh6
{[%clk 0:04:31]} 52. Rf8 {[%clk 0:04:02]} Rh4+ {[%clk 0:04:37]} 53. Kf3
{[%clk 0:04:01]} Rf4+ {[%clk 0:04:39]} 54. Ke2 {[%clk 0:04:06]} Ng3+
{[%clk 0:04:45]} 55. Kd3 {[%clk 0:04:16]} Rf3+ {[%clk 0:04:53]} 56. Kxd4 0-1

[Event "2016 Redpath Mining Millionaire Chess Open"]
[Site "Old Ed’s Sports Complex, Houghton, Johannesburg"]
[Date "2016.07.17"]
[Round "11"]
[Board "3"]
[White "Simutowe, Musatwe"]
[Black "Oatlhotse, Providence"]
[Result "0-1"]
[WhiteElo "2163"]
[BlackElo "2250"]
[PlyCount "0"]
[EventDate "2016.07.17"]
[EventRounds "15"]
[EventCountry "RSA"]

1. e4 {[%clk 0:15:18]} e5 {[%clk 0:15:16]} 2. Nf3 {[%clk 0:15:26]} Nc6
{[%clk 0:15:25]} 3. Bb5 {[%clk 0:15:34]} a6 {[%clk 0:15:33]} 4. Ba4
{[%clk 0:15:43]} Nf6 {[%clk 0:15:41]} 5. O-O {[%clk 0:15:51]} Be7
{[%clk 0:15:48]} 6. Re1 {[%clk 0:16:00]} b5 {[%clk 0:15:51]} 7. Bb3
{[%clk 0:16:09]} d6 {[%clk 0:15:57]} 8. c3 {[%clk 0:16:17]} O-O {[%clk 0:15:49]}
9. h3 {[%clk 0:16:26]} Nb8 {[%clk 0:15:52]} 10. d4 {[%clk 0:16:34]} Nbd7
{[%clk 0:16:00]} 11. Nbd2 {[%clk 0:16:43]} Bb7 {[%clk 0:16:04]} 12. Bc2
{[%clk 0:16:51]} Re8 {[%clk 0:15:56]} 13. Nf1 {[%clk 0:16:59]} Bf8
{[%clk 0:15:43]} 14. Ng3 {[%clk 0:17:07]} g6 {[%clk 0:15:40]} 15. b3
{[%clk 0:17:16]} Bg7 {[%clk 0:15:18]} 16. d5 {[%clk 0:17:21]} Nb6
{[%clk 0:14:39]} 17. Bd3 {[%clk 0:17:28]} c6 {[%clk 0:14:06]} 18. c4
{[%clk 0:17:37]} cxd5 {[%clk 0:13:59]} 19. cxd5 {[%clk 0:17:45]} Rc8
{[%clk 0:13:15]} 20. Bd2 Nbd7 {[%clk 0:13:01]} 21. Rc1 {[%clk 0:17:44]} Qb6
{[%clk 0:11:22]} 22. Qe2 {[%clk 0:17:21]} Rxc1 {[%clk 0:11:12]} 23. Bxc1
{[%clk 0:17:22]} Rc8 {[%clk 0:11:06]} 24. Rd1 {[%clk 0:17:04]} Nc5
{[%clk 0:10:24]} 25. Bb1 {[%clk 0:17:13]} b4 {[%clk 0:10:21]} 26. Nd2
{[%clk 0:17:18]} a5 {[%clk 0:10:23]} 27. Nc4 {[%clk 0:17:21]} Qc7
{[%clk 0:09:41]} 28. Be3 {[%clk 0:17:30]} Ba6 {[%clk 0:09:28]} 29. Rc1
{[%clk 0:17:39]} Nfd7 {[%clk 0:09:01]} 30. Qd2 {[%clk 0:17:41]} Bb5
{[%clk 0:06:41]} 31. Nf1 {[%clk 0:17:34]} Bf8 {[%clk 0:05:59]} 32. Bh6
{[%clk 0:17:39]} Bxh6 {[%clk 0:05:05]} 33. Qxh6 {[%clk 0:17:47]} a4
{[%clk 0:05:11]} 34. Nfd2 {[%clk 0:17:52]} axb3 {[%clk 0:05:12]} 35. axb3
{[%clk 0:18:01]} Bxc4 {[%clk 0:04:34]} 36. Rxc4 {[%clk 0:18:06]} Qa5
{[%clk 0:04:36]} 37. Qe3 {[%clk 0:17:53]} Nb6 {[%clk 0:03:49]} 38. Rc1
{[%clk 0:17:50]} Qa3 {[%clk 0:03:54]} 39. Rc2 {[%clk 0:17:46]} Qa1
{[%clk 0:03:49]} 40. Kh2 {[%clk 0:17:53]} Ra8 {[%clk 0:03:35]} 41. Qe2
{[%clk 0:17:18]} Qa6 {[%clk 0:03:31]} 42. Qf3 {[%clk 0:17:17]} Kg7
{[%clk 0:03:33]} 43. Rc1 {[%clk 0:17:08]} Qa3 {[%clk 0:03:22]} 44. Rc2
{[%clk 0:16:59]} Qa1 {[%clk 0:03:27]} 45. h4 {[%clk 0:17:05]} h5 {[%clk 0:03:29]}
46. Qe2 {[%clk 0:17:09]} Qa6 {[%clk 0:03:35]} 47. Qe3 {[%clk 0:17:13]} Qb7
{[%clk 0:02:35]} 48. Nc4 {[%clk 0:16:20]} Nxc4 {[%clk 0:02:32]} 49. Rxc4
{[%clk 0:16:28]} Rb8 {[%clk 0:01:36]} 50. Qf3 {[%clk 0:16:16]} Qe7
{[%clk 0:01:31]} 51. g3 {[%clk 0:16:21]} Qf6 {[%clk 0:01:30]} 52. Qe3
{[%clk 0:16:22]} Ra8 {[%clk 0:00:46]} 53. Kg2 {[%clk 0:15:52]} Rb8
{[%clk 0:00:26]} 54. Bc2 {[%clk 0:15:59]} Qd8 {[%clk 0:00:33]} 55. Bd1
{[%clk 0:16:04]} Qa5 {[%clk 0:00:30]} 56. Qg5 {[%clk 0:15:51]} Qa1
{[%clk 0:00:22]} 57. Qd2 {[%clk 0:15:47]} Qb1 {[%clk 0:00:26]} 58. Bc2
{[%clk 0:15:44]} Qb2 {[%clk 0:00:33]} 59. Qe3 {[%clk 0:15:52]} Ra8
{[%clk 0:00:34]} 60. Rxb4 {[%clk 0:15:57]} Qxc2 {[%clk 0:00:41]} 61. Rc4
{[%clk 0:16:01]} Qxb3 {[%clk 0:00:44]} 62. Qxb3 {[%clk 0:16:05]} Nxb3 63. Rc6 Rd8
{[%clk 0:00:59]} 64. f3 {[%clk 0:16:24]} Nd4 {[%clk 0:01:06]} 65. Rb6
{[%clk 0:16:32]} Rd7 {[%clk 0:01:14]} 66. Ra6 {[%clk 0:16:40]} f5
{[%clk 0:01:22]} 67. Kf2 {[%clk 0:16:42]} fxe4 {[%clk 0:01:27]} 68. fxe4
{[%clk 0:16:51]} Kf6 {[%clk 0:01:28]} 69. Ke3 {[%clk 0:16:59]} g5
{[%clk 0:01:35]} 70. Rb6 {[%clk 0:17:07]} gxh4 {[%clk 0:01:35]} 71. gxh4
{[%clk 0:17:16]} Ke7 {[%clk 0:01:42]} 72. Rb8 {[%clk 0:17:25]} Kf7
{[%clk 0:01:39]} 73. Rh8 {[%clk 0:17:33]} Kg6 {[%clk 0:01:47]} 74. Rg8+
{[%clk 0:17:42]} Kh7 {[%clk 0:01:52]} 75. Re8 {[%clk 0:17:51]} Kg7
{[%clk 0:01:31]} 76. Rc8 {[%clk 0:17:58]} Nb5 {[%clk 0:01:24]} 77. Rb8
{[%clk 0:18:07]} Nc7 {[%clk 0:01:28]} 78. Rc8 {[%clk 0:18:10]} Re7
{[%clk 0:01:19]} 79. Rd8 {[%clk 0:18:20]} Ne8 {[%clk 0:01:2

[Event "2016 Redpath Mining Millionaire Chess Open"]
[Site "Old Ed’s Sports Complex, Houghton, Johannesburg"]
[Date "2016.07.17"]
[Round "11"]
[Board "4"]
[White "Hercules, Benjamin Vincent"]
[Black "Mwale, Joseph"]
[Result "1/2-1/2"]
[WhiteElo "2127"]
[BlackElo "2076"]
[PlyCount "0"]
[EventDate "2016.07.17"]
[EventRounds "15"]
[EventCountry "RSA"]

1. d4 {[%clk 0:15:18]} Nf6 {[%clk 0:15:18]} 2. c4 {[%clk 0:15:26]} e6
{[%clk 0:15:27]} 3. g3 {[%clk 0:15:33]} d5 {[%clk 0:15:30]} 4. Bg2
{[%clk 0:15:41]} Be7 {[%clk 0:15:27]} 5. Nf3 {[%clk 0:15:49]} dxc4
{[%clk 0:15:29]} 6. Qa4+ {[%clk 0:15:12]} Nbd7 {[%clk 0:15:23]} 7. Qxc4
{[%clk 0:15:11]} c5 {[%clk 0:15:31]} 8. dxc5 {[%clk 0:14:43]} Bxc5
{[%clk 0:15:26]} 9. O-O {[%clk 0:14:44]} Qc7 {[%clk 0:15:08]} 10. Qb3
{[%clk 0:13:29]} O-O {[%clk 0:15:09]} 11. Nc3 {[%clk 0:13:33]} a6
{[%clk 0:15:03]} 12. a4 {[%clk 0:13:02]} Rb8 {[%clk 0:14:51]} 13. Bd2
{[%clk 0:12:20]} b6 {[%clk 0:14:56]} 14. Rac1 {[%clk 0:12:20]} Bb7
{[%clk 0:14:59]} 15. Rfd1 {[%clk 0:11:54]} h6 {[%clk 0:14:44]} 16. Be1
{[%clk 0:12:00]} Rbc8 {[%clk 0:14:33]} 17. Nd2 {[%clk 0:10:53]} Bxg2
{[%clk 0:14:32]} 18. Kxg2 {[%clk 0:11:02]} Qb7+ {[%clk 0:14:41]} 19. Kg1
{[%clk 0:10:50]} Ne5 {[%clk 0:14:42]} 20. Qa2 {[%clk 0:09:04]} Rfd8
{[%clk 0:14:28]} 21. Qb1 {[%clk 0:09:07]} b5 {[%clk 0:14:11]} 22. axb5
{[%clk 0:09:11]} axb5 {[%clk 0:14:19]} 23. Nde4 {[%clk 0:09:13]} Nxe4
{[%clk 0:14:22]} 24. Nxe4 {[%clk 0:08:55]} Be7 {[%clk 0:14:25]} 25. Rxc8
{[%clk 0:08:30]} Qxc8 {[%clk 0:14:19]} 26. Bc3 {[%clk 0:08:13]} Nc6
{[%clk 0:14:02]} 27. b3 {[%clk 0:07:30]} b4 {[%clk 0:13:54]} 28. Ba1
{[%clk 0:07:04]} Rxd1+ {[%clk 0:13:38]} 29. Qxd1 {[%clk 0:07:12]} Qd8
{[%clk 0:13:45]} 30. Qxd8+ {[%clk 0:06:56]} Bxd8 {[%clk 0:13:47]} 31. Kf1
{[%clk 0:06:41]} Na5 {[%clk 0:13:40]} 32. Nd2 {[%clk 0:06:47]} Bb6
{[%clk 0:13:27]} 33. Be5 {[%clk 0:06:44]} Nc6 {[%clk 0:13:10]} 34. Bd6
{[%clk 0:06:00]} f6 {[%clk 0:12:54]} 35. e3 {[%clk 0:05:51]} Kf7 {[%clk 0:12:50]}
36. Nc4 {[%clk 0:05:58]} Bd8 {[%clk 0:12:58]} 37. Ke2 {[%clk 0:05:54]} Be7
{[%clk 0:11:19]} 38. Bxe7 {[%clk 0:05:52]} Kxe7 {[%clk 0:11:28]} 39. Kd3
{[%clk 0:05:45]} e5 {[%clk 0:11:13]} 40. Nb6 {[%clk 0:04:50]} Na5
{[%clk 0:11:18]} 41. Nd5+ {[%clk 0:04:48]} 1/2-1/2

[Event "2016 Redpath Mining Millionaire Chess Open"]
[Site "Old Ed’s Sports Complex, Houghton, Johannesburg"]
[Date "2016.07.17"]
[Round "12"]
[Board "1"]
[White "Van Rensburg, Ryan Pierre"]
[Black "Jere, Daniel"]
[Result "0-1"]
[WhiteElo "2220"]
[BlackElo "2368"]
[PlyCount "0"]
[EventDate "2016.07.17"]
[EventRounds "15"]
[EventCountry "RSA"]

1. d4 {[%clk 0:15:19]} Nf6 {[%clk 0:15:13]} 2. c4 {[%clk 0:15:28]} e6
{[%clk 0:15:29]} 3. Nc3 {[%clk 0:15:46]} d5 {[%clk 0:15:38]} 4. cxd5
{[%clk 0:15:55]} exd5 {[%clk 0:15:47]} 5. Bg5 {[%clk 0:16:04]} Nbd7
{[%clk 0:15:55]} 6. e3 {[%clk 0:16:13]} c6 {[%clk 0:16:03]} 7. Bd3
{[%clk 0:16:21]} Be7 {[%clk 0:16:11]} 8. Qc2 {[%clk 0:16:19]} O-O
{[%clk 0:16:18]} 9. Nge2 {[%clk 0:16:27]} Re8 {[%clk 0:16:19]} 10. O-O
{[%clk 0:16:35]} Nf8 {[%clk 0:16:26]} 11. Rab1 {[%clk 0:16:39]} Be6
{[%clk 0:16:13]} 12. b4 {[%clk 0:16:41]} a6 {[%clk 0:16:20]} 13. a4
{[%clk 0:16:49]} N6d7 {[%clk 0:16:26]} 14. Bf4 {[%clk 0:16:33]} Rc8
{[%clk 0:16:31]} 15. Rfe1 {[%clk 0:15:38]} Nb6 {[%clk 0:16:13]} 16. a5
{[%clk 0:15:04]} Nc4 {[%clk 0:16:04]} 17. Bxc4 {[%clk 0:14:48]} dxc4
{[%clk 0:16:13]} 18. e4 {[%clk 0:14:57]} Ng6 {[%clk 0:15:58]} 19. Bg3
{[%clk 0:15:04]} Rf8 {[%clk 0:14:55]} 20. d5 {[%clk 0:10:08]} cxd5
{[%clk 0:14:55]} 21. exd5 {[%clk 0:10:15]} Bd7 {[%clk 0:14:59]} 22. Nd4
{[%clk 0:10:16]} Bf6 {[%clk 0:15:02]} 23. Rbd1 {[%clk 0:10:08]} Re8
{[%clk 0:15:08]} 24. Ne4 {[%clk 0:10:07]} Bxd4 {[%clk 0:14:28]} 25. Rxd4
{[%clk 0:10:14]} f5 {[%clk 0:14:37]} 0-1

[Event "2016 Redpath Mining Millionaire Chess Open"]
[Site "Old Ed’s Sports Complex, Houghton, Johannesburg"]
[Date "2016.07.17"]
[Round "12"]
[Board "2"]
[White "De Abreu, Roberto N"]
[Black "Makoto, Rodwell"]
[Result "0-1"]
[WhiteElo "2057"]
[BlackElo "2406"]
[PlyCount "0"]
[EventDate "2016.07.17"]
[EventRounds "15"]
[EventCountry "RSA"]

1. d4 {[%clk 0:15:13]} Nf6 {[%clk 0:15:19]} 2. Nf3 {[%clk 0:15:22]} g6
{[%clk 0:15:24]} 3. c4 {[%clk 0:15:19]} c6 {[%clk 0:15:28]} 4. g3
{[%clk 0:15:16]} Bg7 {[%clk 0:15:36]} 5. Bg2 {[%clk 0:15:25]} d5 {[%clk 0:15:45]}
6. b3 {[%clk 0:15:34]} O-O {[%clk 0:15:53]} 7. O-O {[%clk 0:15:43]} a5
{[%clk 0:16:01]} 8. Nbd2 {[%clk 0:15:07]} a4 {[%clk 0:15:27]} 9. Ba3
{[%clk 0:14:45]} Bf5 {[%clk 0:15:08]} 10. Nh4 {[%clk 0:14:13]} Be6
{[%clk 0:15:11]} 11. e3 {[%clk 0:14:08]} Re8 {[%clk 0:13:52]} 12. Qe2
{[%clk 0:14:07]} Bg4 {[%clk 0:13:28]} 13. Nhf3 {[%clk 0:13:49]} Qd7
{[%clk 0:12:38]} 14. Rfc1 {[%clk 0:13:34]} Na6 {[%clk 0:12:01]} 15. bxa4
{[%clk 0:12:59]} Nc7 {[%clk 0:11:17]} 16. Nb3 {[%clk 0:13:07]} Qf5
{[%clk 0:10:38]} 17. a5 {[%clk 0:11:36]} Ne4 {[%clk 0:09:08]} 18. h3
{[%clk 0:07:00]} Bxh3 {[%clk 0:09:15]} 19. Nh4 {[%clk 0:06:09]} Qe6
{[%clk 0:08:44]} 20. Nc5 {[%clk 0:06:03]} Nxc5 {[%clk 0:08:50]} 21. Bxc5
{[%clk 0:06:11]} Bxg2 {[%clk 0:08:57]} 22. Nxg2 {[%clk 0:06:06]} dxc4
{[%clk 0:08:42]} 23. Nf4 {[%clk 0:05:11]} Qd7 {[%clk 0:08:34]} 24. Bb6
{[%clk 0:05:04]} e5 {[%clk 0:08:40]} 25. dxe5 {[%clk 0:05:03]} Bxe5
{[%clk 0:08:49]} 26. Rd1 {[%clk 0:05:10]} Nd5 {[%clk 0:08:17]} 27. Nxd5
{[%clk 0:04:40]} cxd5 {[%clk 0:08:26]} 28. Rac1 {[%clk 0:04:41]} Rac8
{[%clk 0:05:26]} 29. Qf3 {[%clk 0:04:50]} Qa4 {[%clk 0:04:05]} 30. Rxd5
{[%clk 0:03:19]} Bb2 {[%clk 0:03:58]} 31. Rcd1 {[%clk 0:03:15]} c3
{[%clk 0:03:36]} 32. Bd4 {[%clk 0:02:50]} c2 {[%clk 0:03:35]} 33. Bxb2
{[%clk 0:02:58]} cxd1=Q+ {[%clk 0:03:41]} 34. Rxd1 {[%clk 0:03:05]} Rc6
{[%clk 0:03:07]} 35. Rd7 {[%clk 0:02:38]} Rc1+ {[%clk 0:03:15]} 36. Bxc1
{[%clk 0:02:47]} Qxd7 {[%clk 0:03:25]} 37. Bb2 {[%clk 0:02:49]} Re6
{[%clk 0:03:03]} 38. Qf4 {[%clk 0:02:53]} Qd6 {[%clk 0:02:15]} 39. Qc4
{[%clk 0:02:38]} Qc6 {[%clk 0:01:58]} 40. Qd4 {[%clk 0:02:47]} f6
{[%clk 0:02:05]} 41. Qd8+ {[%clk 0:02:49]} Kg7 {[%clk 0:02:12]} 42. Ba3
{[%clk 0:02:39]} Qe8 {[%clk 0:02:11]} 43. Qc7+ {[%clk 0:02:48]} Qf7
{[%clk 0:02:20]} 44. Qc8 {[%clk 0:02:43]} Rc6 {[%clk 0:02:28]} 45. Qd8
{[%clk 0:02:18]} g5 {[%clk 0:02:31]} 46. Qd2 {[%clk 0:02:18]} Qc7
{[%clk 0:02:06]} 47. Bb2 {[%clk 0:02:21]} Rd6 {[%clk 0:02:06]} 48. Qc3
{[%clk 0:02:09]} Qxc3 {[%clk 0:01:48]} 49. Bxc3 {[%clk 0:02:18]} Rd1+
{[%clk 0:01:51]} 50. Kg2 {[%clk 0:02:26]} g4 {[%clk 0:01:59]} 51. Bb4
{[%clk 0:02:27]} f5 {[%clk 0:02:04]} 52. a3 {[%clk 0:02:35]} Rc1 {[%clk 0:01:58]}
53. Bd2 {[%clk 0:02:32]} Rc2 {[%clk 0:01:57]} 54. Bb4 {[%clk 0:02:41]} Kf6
{[%clk 0:02:05]} 55. Kf1 {[%clk 0:02:46]} Ke6 {[%clk 0:02:14]} 56. Bf8
{[%clk 0:02:42]} Kd5 {[%clk 0:02:23]} 57. Bb4 {[%clk 0:02:51]} Ke4
{[%clk 0:02:32]} 58. Kg2 {[%clk 0:03:00]} Kd3 {[%clk 0:02:34]} 59. Bf8
{[%clk 0:03:08]} Kc4 {[%clk 0:02:26]} 60. Be7 {[%clk 0:03:13]} h5
{[%clk 0:02:20]} 61. Bf8 {[%clk 0:03:22]} Kb5 {[%clk 0:02:15]} 62. Bb4
{[%clk 0:03:26]} Rb2 {[%clk 0:01:56]} 63. Be1 {[%clk 0:03:29]} Rb3
{[%clk 0:01:56]} 64. Bb4 {[%clk 0:03:39]} Rxb4 {[%clk 0:01:36]} 65. axb4
{[%clk 0:03:48]} Kxb4 {[%clk 0:01:45]} 66. f4 {[%clk 0:03:57]} gxf3+
{[%clk 0:01:53]} 67. Kxf3 {[%clk 0:04:06]} Kxa5 {[%clk 0:02:02]} 68. Kf4
{[%clk 0:04:05]} b5 {[%clk 0:02:11]} 69. Kxf5 {[%clk 0:04:14]} b4
{[%clk 0:02:19]} 70. Kg5 {[%clk 0:04:22]} b3 {[%clk 0:02:28]} 71. Kxh5
{[%clk 0:04:31]} b2 {[%clk 0:02:38]} 72. g4 {[%clk 0:04:39]} b1=Q
{[%clk 0:02:47]} 73. g5 {[%clk 0:04:48]} Qf5 {[%clk 0:02:48]} 74. Kh6
{[%clk 0:04:57]} Qh3+ {[%clk 0:02:57]} 75. Kg7 {[%clk 0:05:06]} Qxe3
{[%clk 0:03:05]} 76. g6 {[%clk 0:05:16]} Qe7+ {[%clk 0:03:14]} 77. Kh8
{[%clk 0:05:22]} Qh4+ {[%clk 0:03:19]} 78. Kg8 {[%clk 0:05:31]} Qc4+

[Event "2016 Redpath Mining Millionaire Chess Open"]
[Site "Old Ed’s Sports Complex, Houghton, Johannesburg"]
[Date "2016.07.17"]
[Round "12"]
[Board "3"]
[White "Oatlhotse, Providence"]
[Black "Simutowe, Musatwe"]
[Result "1-0"]
[WhiteElo "2250"]
[BlackElo "2163"]
[PlyCount "0"]
[EventDate "2016.07.17"]
[EventRounds "15"]
[EventCountry "RSA"]

1. Nf3 {[%clk 0:15:14]} Nf6 {[%clk 0:15:20]} 2. c4 {[%clk 0:15:12]} e6
{[%clk 0:15:29]} 3. d4 {[%clk 0:15:12]} d5 {[%clk 0:15:37]} 4. Nc3
{[%clk 0:15:15]} c6 {[%clk 0:15:46]} 5. cxd5 {[%clk 0:15:14]} exd5
{[%clk 0:15:55]} 6. Bg5 {[%clk 0:15:22]} Bd6 {[%clk 0:16:01]} 7. Qc2
{[%clk 0:15:25]} h6 {[%clk 0:16:10]} 8. Bh4 {[%clk 0:15:31]} Bg4 {[%clk 0:16:18]}
9. Ne5 {[%clk 0:15:29]} Bc8 {[%clk 0:16:13]} 10. e3 {[%clk 0:15:28]} Nbd7
{[%clk 0:16:19]} 11. f4 {[%clk 0:15:29]} a5 {[%clk 0:16:26]} 12. Bd3
{[%clk 0:15:26]} Qb6 {[%clk 0:16:26]} 13. O-O {[%clk 0:15:04]} Nf8
{[%clk 0:16:16]} 14. Kh1 {[%clk 0:14:48]} N6d7 {[%clk 0:15:53]} 15. Rac1
{[%clk 0:14:32]} f6 {[%clk 0:15:51]} 16. Ng6 {[%clk 0:12:59]} Nxg6
{[%clk 0:16:00]} 17. Bxg6+ {[%clk 0:13:07]} Kd8 {[%clk 0:16:10]} 18. e4
{[%clk 0:13:01]} dxe4 {[%clk 0:16:08]} 19. Nxe4 {[%clk 0:13:04]} Be7
{[%clk 0:16:07]} 20. Bf2 {[%clk 0:12:40]} Qb5 {[%clk 0:16:08]} 21. Nc3
{[%clk 0:12:32]} Qb4 {[%clk 0:15:59]} 22. d5 {[%clk 0:12:04]} c5 {[%clk 0:15:59]}
23. a3 {[%clk 0:12:02]} Qc4 {[%clk 0:15:40]} 24. Bd3 {[%clk 0:11:52]} Qxf4
{[%clk 0:15:49]} 25. Bxc5 {[%clk 0:11:40]} Qb8 {[%clk 0:15:58]} 26. Bg1
{[%clk 0:11:09]} Ne5 {[%clk 0:16:00]} 27. Bb6+ {[%clk 0:11:08]} Ke8
{[%clk 0:16:04]} 28. Nb5 {[%clk 0:10:48]} Bd7 {[%clk 0:15:26]} 29. Bc7
{[%clk 0:09:51]} Qc8 {[%clk 0:15:31]} 30. Bxe5 {[%clk 0:09:56]} fxe5
{[%clk 0:15:31]} 31. Nc7+ {[%clk 0:09:54]} Kd8 {[%clk 0:15:40]} 32. Nxa8
{[%clk 0:10:01]} Qxa8 {[%clk 0:15:49]} 33. Qc7+ {[%clk 0:10:09]} Ke8
{[%clk 0:15:59]} 34. Bg6# {[%clk 0:10:16]} 1-0